|
|
|
|
| LEADER |
01521nam a2200409 a 4500 |
| 001 |
EBC408401 |
| 003 |
MiAaPQ |
| 005 |
20200520144314.0 |
| 006 |
m o d | |
| 007 |
cr cn||||||||| |
| 008 |
830706s1983 ilu sb 001 0 eng d |
| 010 |
|
|
|z 83009193
|
| 020 |
|
|
|z 0226451461
|
| 020 |
|
|
|z 9780226451466
|
| 020 |
|
|
|z 9780226451480
|
| 035 |
|
|
|a (MiAaPQ)EBC408401
|
| 035 |
|
|
|a (Au-PeEL)EBL408401
|
| 035 |
|
|
|a (CaPaEBR)ebr10230062
|
| 035 |
|
|
|a (CaONFJC)MIL143108
|
| 035 |
|
|
|a (OCoLC)476228883
|
| 040 |
|
|
|a MiAaPQ
|c MiAaPQ
|d MiAaPQ
|
| 043 |
|
|
|a n-us---
|
| 050 |
|
4 |
|a HD7105.35.U6
|b K67 1983
|
| 082 |
0 |
4 |
|a 331.25/2/0973
|2 19
|
| 100 |
1 |
|
|a Kotlikoff, Laurence J.
|
| 245 |
1 |
0 |
|a Pensions in the American economy
|h [electronic resource] /
|c Laurence J. Kotlikoff and Daniel E. Smith.
|
| 260 |
|
|
|a Chicago :
|b University of Chicago Press,
|c 1983.
|
| 300 |
|
|
|a xxxv, 449 p.
|
| 490 |
1 |
|
|a National Bureau of Economic Research monograph
|
| 504 |
|
|
|a Includes bibliographical references (p. 439-443) and index.
|
| 533 |
|
|
|a Electronic reproduction. Ann Arbor, MI : ProQuest, 2015. Available via World Wide Web. Access may be limited to ProQuest affiliated libraries.
|
| 650 |
|
0 |
|a Old age pensions
|z United States.
|
| 655 |
|
4 |
|a Electronic books.
|
| 700 |
1 |
|
|a Smith, Daniel E.
|q (Daniel Eric),
|d 1958-
|
| 710 |
2 |
|
|a ProQuest (Firm)
|
| 830 |
|
0 |
|a National Bureau of Economic Research monograph.
|
| 856 |
4 |
0 |
|u https://ebookcentral.proquest.com/lib/matrademy/detail.action?docID=408401
|z Click to View
|